000
00276nam a22001217a 4500
008
171101b xxu||||| |||| 00| 0 eng d
041
_a
eng
080
_a
33
100
_a
59
101
_a
BUS
245
_a
PEARSON CUSTOM BUSINESS RESOURCES
_c
OLIVER.J.M
942
_2
udc
_c
BK
999
_c
36943
_d
36943